000 00280nam a2200121Ia 4500
008 190216s9999||||xx |||||||||||||| ||und||
100 _aVittal Rao S
245 0 _aHybrid Maize
260 _bIndian Council Og Agri Research
_c1971
300 _a50p
650 _aBotany
942 _cBK
999 _c1233
_d1233